00650 2200229 4500001002100000005001700021008004100038020002200079035002400101090002000125100002600145245007900171250001100250260003100261300002500292500003100317650001400348850001600362980001400378985000600392999002200398YOGYA-0209000004666220090227031236.0 ind  a978-979-21-1715-8 0010-020900000046662 a230bEdd SlDEP aEDDY KRISTIYANTO, OFM aSelilit sang nabibbisik-bisik tentang aliran sesatcEddy Kristiyanto, OFM aCet. 1 aYogyakartabKanisiusc2007 a170 hlmbilusc21 cm aBibliografi : hlm. 173-178 aKristiani aYOPDYOG (M) a6-12-2007 a1 aCB-D.11 2007-535h